00855nam a22002171a 450000100060000000300080000600500170001400800410003103500190007204000380009104100080012908200230013710000210016024500730018126000840025430000260033850001270036450400500049165000460054165100500058727533BD-RjUL20211209051152.0140325r19711967mau 001 0 eng d a(BD-RjUL)27607 aDLCcDLCdm.c.dOCLdBD-RjULbeng aeng00a320.0973bBAI 19711 aBailyn, Bernard.14aThe ideological origins of the American Revolution /cBernard Bailyn aCambridge :bBelknap Press of Harvard University Press,cc1967 [printing 1971]. axiii, 335 p. ;c22 cm aAn enl. version of the General introduction, in the author's Pamphlets of the American Revolution, v. 1, published in 1965 aIncludes bibliographical references and index 0aPolitical sciencezUnited StatesxHistory 0aUnited StatesxHistoryyRevolution, 1775-1783